00817cam a22002411i 450000100060000000300080000600500170001400800410003103500190007203500190009104000370011004100080014708200130015510000290016824500900019726000470028730000250033465000250035965000330038494200120041799900170042995201290044631694BD-RjUL20211209051734.0140421s1955 af 000 0 eng d a(BD-RjUL)31782 a(OCoLC)1834219 aDLCcDGWdDGWdDLCdBD-RjULbeng aeng00bESH 19551 aEschini, Eschilo.99645010aHow are the dead raised up? and why Western civilization is doomed/c Eschilo Eschini aCape Town :c1955.bUnion Of South Africa, avi, 152 p. ;c22 cm. 0aResurrection.990486 0aReligion and science.996451 2ddccBK c31694d31694 00102ddc40718NFICaRUCLbRUCLcReadingd1956-01-12eN/Ag0.00l0o218 ESH 1955r2014-04-21 00:00:00tC-1w2021-12-09yBK